00685nam a2200181 a 4500008004100000050001500041100002300056245003700079246003200116250001200148260003200160300002100192350000900213650003800222995009500260999001700355952013100372120416s1970 ||||||||||||||||| || u aHB 801 Tro aTroelstrup, Arch W14aThe consumer in American society apersonal and family finance a4th ed. aNew YorkbMcGraw-Hillc1970 axv, 668p. : ill. a0.00 aCONSUMER BEHAVIOUR--UNITED STATES D0.00FCBU-MAIN LIBRARY (Kitwe)H1I0.00M1UAVAILABLEZMain Library Open Access Collection c38599d38599 00102lcc4070a001b001cMain Library Open Access Collectiond2022-11-30l0oHB 801 Trop002384r2022-11-30w2022-11-30y002